[Event "21.Wörishofen-Seniorenen op"]
[Site "Bad Wörishofen (03.03.-11.03)"]
[Date "2005.03.11"]
[Round "9.58"]
[White "Garbe, Heinz"]
[Black "Wolf, Margot"]
[Result "1/2-1/2"]
[WhiteElo "1464"]
[BlackElo "1321"]
[PlyCount "32"]
[EventDate "2005.03.??"]
[Source "Chessorg"]
[SourceDate "2005.12.10"]

1. d4 d5 2. Nf3 Nf6 3. h3 Bf5 4. c3 e6 5. Bf4 Bd6 6. Bxd6 Qxd6 7. e3 Nbd7 8.
Bd3 Bxd3 9. Qxd3 O-O 10. O-O Rac8 11. Nbd2 c5 12. Rac1 Rc7 13. Qb1 Rfc8 14.
dxc5 Rxc5 15. Rfd1 Qb8 16. Nb3 R5c7 1/2-1/2

[Event "21.Wörishofen-Seniorenen op"]
[Site "Bad Wörishofen (03.03.-11.03)"]
[Date "2005.03.11"]
[Round "9.61"]
[White "Schielke, Klaus"]
[Black "Buss, Richard"]
[Result "0-1"]
[WhiteElo "1438"]
[BlackElo "1373"]
[PlyCount "42"]
[EventDate "2005.03.??"]
[Source "Chessorg"]
[SourceDate "2005.12.10"]

1. d4 Nf6 2. c4 d5 3. e3 e6 4. Nc3 c5 5. Nf3 Nc6 6. cxd5 exd5 7. b3 cxd4 8.
Nxd4 a6 9. Bd3 Bb4 10. Bb2 Ne4 11. Qc2 Bf5 12. O-O Bxc3 13. Bxc3 Bg6 14. Nxc6
bxc6 15. Bxg7 Rg8 16. Qxc6+ Ke7 17. Bd4 Qd7 18. Qc1 Bh5 19. f3 Qh3 20. Qb2 Bxf3
21. Qa3+ Ke6 0-1

[Event "21.Wörishofen-Seniorenen op"]
[Site "Bad Wörishofen (03.03.-11.03)"]
[Date "2005.03.11"]
[Round "9.62"]
[White "Kuhnert, Werner"]
[Black "Antusch, Ingrid"]
[Result "1/2-1/2"]
[WhiteElo "1316"]
[BlackElo "1422"]
[PlyCount "41"]
[EventDate "2005.03.??"]
[Source "Chessorg"]
[SourceDate "2005.12.10"]

1. d4 f5 2. c4 Nf6 3. Nc3 e6 4. e3 c6 5. Be2 d5 6. Nf3 Bd6 7. cxd5 exd5 8. Bd2
Nbd7 9. Qc2 Ne4 10. Nxe4 fxe4 11. Ng1 O-O 12. f3 Qh4+ 13. Kd1 Nf6 14. Be1 Qh6
15. f4 Qg6 16. g3 Bg4 17. Qd2 a5 18. Qc2 Bh5 19. Qb3 Rfb8 20. Qc2 Ng4 21. Qc1
1/2-1/2

[Event "21.Wörishofen-Seniorenen op"]
[Site "Bad Wörishofen (03.03.-11.03)"]
[Date "2005.03.11"]
[Round "9.63"]
[White "Froeling, Philippa"]
[Black "Malik, Rosemarie"]
[Result "1-0"]
[WhiteElo "1269"]
[BlackElo "1335"]
[PlyCount "57"]
[EventDate "2005.03.??"]
[Source "Chessorg"]
[SourceDate "2005.12.10"]

1. Nf3 d6 2. d4 Nf6 3. Nbd2 c6 4. c4 Bg4 5. g3 Bxf3 6. Nxf3 e6 7. Bg2 Nbd7 8.
O-O Be7 9. b3 O-O 10. Bb2 Rb8 11. Qc2 Nh5 12. e4 Re8 13. Qe2 g6 14. d5 exd5 15.
exd5 Bf6 16. Bxf6 Qxf6 17. Rab1 Ra8 18. Qb2 Qxb2 19. Rxb2 cxd5 20. cxd5 b6 21.
Nd4 Nhf6 22. Nb5 Re5 23. Nxd6 Nxd5 24. Nc4 Rf5 25. Bh3 Ne7 26. Bxf5 Nxf5 27.
Rd2 Nc5 28. Rfd1 Ne4 29. Rd8+ 1-0

[Event "21.Wörishofen-Seniorenen op"]
[Site "Bad Wörishofen (03.03.-11.03)"]
[Date "2005.03.11"]
[Round "9.64"]
[White "Ludwig, Egbert"]
[Black "Hennige, Anneliese"]
[Result "0-1"]
[WhiteElo "1098"]
[BlackElo "1034"]
[PlyCount "96"]
[EventDate "2005.03.??"]
[Source "Chessorg"]
[SourceDate "2005.12.10"]

1. d4 Nf6 2. Nf3 d6 3. c4 Bd7 4. g3 e5 5. Bg2 e4 6. Ng5 Qe7 7. e3 h6 8. Nh3 g5
9. O-O Bg7 10. Nc3 c6 11. Qb3 b6 12. Rd1 O-O 13. Qc2 c5 14. Nxe4 Re8 15. Nxf6+
Bxf6 16. Bxa8 Bxh3 17. Bg2 Bd7 18. d5 Bg7 19. Rb1 Qf6 20. b3 Bf5 21. Qb2 Qg6
22. Qa3 Bxb1 23. Qxa7 Qc2 24. Rf1 Qf5 25. Qxb6 Be5 26. Qa5 Be4 27. Qd2 Na6 28.
a3 Rb8 29. Bxe4 Qxe4 30. f3 Qg6 31. Qa2 f5 32. Bb2 Qf6 33. Bc1 f4 34. Kg2 Re8
35. e4 fxg3 36. hxg3 Qg6 37. g4 h5 38. Bd2 hxg4 39. fxg4 Qh6 40. Rh1 Qg6 41.
Qc2 Bf4 42. Kf3 Qf6 43. Ke2 Qg6 44. Qc3 Qxe4+ 45. Be3 Qxh1 46. Qf6 Rxe3+ 47.
Kd2 Qe1+ 48. Kc2 Qe2+ 0-1